Countries with 6 letters - Statistics

General Stats
  • This quiz has been taken 97 times
  • The average score is 24 of 32
Answer Stats
Continent Country % Correct
Europe France
89%
Europe Norway
88%
Oceania Tuvalu
88%
South America Brazil
86%
Europe Russia
86%
South America Guyana
85%
Europe Sweden
85%
Europe Poland
82%
Europe Latvia
81%
North America Panama
81%
North America Canada
79%
Europe Greece
78%
Africa Angola
77%
North America Belize
75%
Asia Israel
75%
North America Mexico
75%
Asia Jordan
74%
Europe Monaco
74%
Europe Serbia
74%
Asia Bhutan
73%
Europe Kosovo
73%
Asia Kuwait
73%
Asia Turkey
71%
Africa Rwanda
70%
Africa Zambia
68%
Africa Uganda
67%
Asia Brunei
66%
Africa Gambia
63%
Africa Malawi
62%
Africa Guinea
60%
Asia Taiwan
58%
Asia Cyprus
55%
No matching quizzes found
Score Distribution
Percent of People with Each Score
Percentile by Number Answered
Your Score History
You have not taken this quiz